História de uma definição (Record no. 44701)

MARC details
000 -Etiqueta do registo
Valores 00586cam a2200205 04500
100 ## - Dados gerais de processamento
Dados gerais 19950301d1977 km y0pory50030103ba
101 1# - Língua de publicação
Língua por
102 ## - País de publicação
País PT
200 1# - Titulo e menção de responsabilidade
Título próprio História de uma definição
Primeira menção de responsabilidade Kellie Gardner
Outras menções de responsabilidade trad. Ana Clara Soares
-- il. Carlo e Mireille Wieland
210 #9 - Publicação
Local de publicação Paço de Arcos
Nome do editor Eixo,
Data de publicação 1977
215 ## - Descrição física 
Paginação / Volumes 32 p.
Outras indicações físicas il.
Dimensões 24 cm
225 2# - Colecção 
Título próprio da colecção Já percebi
Indicação de volume 3
317 ## - Nota de proveniência
Texto da nota Biblioteca Matilde Rosa Araújo
675 ## - CDU
Notação 087.5
Edição med
Língua por
700 #1 - Autor principal
Apelido Gardner,
Nome Kellie
702 #1 - Autor secundário
Apelido Soares,
Nome Ana Clara
Função 730
801 #0 - Fonte de origem
País PT
Agência BN
Regras de catalogação RPC
990 ## - Elementos KOHA
Tipo de documento Livro
Holdings
Aquisição Empréstimo Código de barras Cota Permissão de empréstimo Tipo de documento
Biblioteca Municipal de Redondo Biblioteca Municipal de Redondo 054576 087.5 GAR   Livro

Powered by Koha